000 00301 a2200109 4500
001 ART_17521
005 20260410161750.0
008 260409a
245 1 0 _aThe age of discontinuity
100 1 _aDrucker, Peter Ferdinand
773 0 _tBook Summary
_g- NÂș 13 (ene. 2010)
_wREV4099
999 _c19584
_d19584